banner-ar

الحلم والواقع / (Record no. 64470)

MARC details
000 -الفاتح
حقل البيانات ثابتة الطول 00581nam a2200205Ia 4500
005 - وقت وتاريخ اخر تعامل مع التسجيلة
رقم الضبط 20240530110733.0
008 - عناصر البيانات ثابتة الطول - معلومات عامة
حقل البيانات ثابتة الطول 140319s9999 xx 000 0 ara d
040 ## - مصدر الفهرسة
وكالة الفهرسة الأصلية GCL /
وكالة النسخ GCL
082 04 - رقم تصنيف ديوى العشرى
رقم التصنيف 191
رقم المادة ب ح
100 1# - المدخل الرئيسى - إسم شخصى
الإسم الشخصى برديائف، نيكولاس
245 10 - بيان العنوان
العنوان الحلم والواقع /
بيان المسئوليه,etc فؤاد كامل
300 ## - الوصف المادى
التعداد 323 ص. ؛
أبعاد الوعاء 24 سم.
490 ## - بيان السلسلة
عنوان السلسلة نصوص فلسفية
رقم المجلد/ التعيين التسلسلي 0
650 04 - المدخل الاضافى بالموضوع-مصطلح موضوعى
مصطلح موضوعي التراجم الذاتية
650 04 - المدخل الاضافى بالموضوع-مصطلح موضوعى
مصطلح موضوعي نيكولاس, برديائف
700 1# - المدخل الاضافى - اسم شخصى
الإسم الشخصى على ادهم
700 1# - المدخل الاضافى - اسم شخصى
الإسم الشخصى فؤاد كامل
942 ## - عناصر المدخل الإضافي( كوها)
مصدر التصنيف او مخطط الترفيف Dewey Decimal Classification
Koha [default] item type كتاب
Holdings
حالة التراجع حالة الفقد مصدر التصنيف او خطة الترفيف حالة تلف ليس للاعارة المكان المؤقت الموقع الحالى موقع الترفيف تاريخ الاكتساب اجمالي اﻻعارات رقم الطلب الباركود تاريخ اخر مشاهدة تاريخ تفعيل السعر نوع وعاء كوها
    ddc     مكتبة القاهرة الكبرى مكتبة القاهرة الكبرى القاعة الرئيسية 06/07/2018   191\ ب ح 164847 06/07/2018 06/07/2018 كتاب

Powered By

EGPV